000 00398nam a22001577a 4500
003 OSt
005 20240812152144.0
007 241 pages
008 240812b |||||||| |||| 00| 0 eng d
020 _a9789352607358
040 _c
082 _a378.166
_bETS
245 _aOfficial GRE Verbal reasoning:Practice questions
_cETS
260 _bMcgraw Hilll
_c2017
942 _2ddc
_cBK
_k378.166
_mETS
_n0
999 _c36064
_d36064